000 01271nam a22003497a 4500
003 CHAP
005 20220817043406.0
008 971013s1977 r 00010 d
010 _a74194
011 _a75166
035 _a84726
040 _cCHAP
090 _aTesis
100 0 0 _aCarmona González, Guillermo.
_919028
245 _aEstudio sobre los diferentes géneros de nemátodos gástricos en los cerdos sacrificados en el rastro municipal de Cuajimalpa, D.F. en el verano de 1976
260 _aMéxico, D.F. :
_bEl autor,
_c1977
300 _a24 h.
502 _aTesis (Médico Veterinario Zootecnista) -- UNAM. Fac. de Medicina Veterinaria y Zootecnia
590 _aALEPH
_b10
_c20130110
_lUCH01
_h1418
590 _aBATCH-UPD
_b10
_c20130109
_lUCH01
_h2314
590 _aBATCH-UPD
_b10
_c20130109
_lUCH01
_h2358
590 _aBATCH-UPD
_b10
_c20130110
_lUCH01
_h0751
590 _aBATCH-UPD
_b10
_c20130409
_lUCH01
_h1834
590 _aBATCH-UPD
_b10
_c20130410
_lUCH01
_h0431
590 _aBATCH-UPD
_b10
_c20130914
_lUCH01
_h0845
590 _aCONVERSION
_b10
_c20130109
_lUCH01
_h1341
650 1 4 _aGanado porcino
_xParásitos.
650 1 4 _aNemátodos parásitos de cerdo.
_980830
901 _aBK
942 _cTESIS
949 _bBC
_cTES
_d-40213
_eTS1
_i84726
_si
999 _c74194
_d74194